Sistema Modular de Desarrollo para las familias de microcontroladores MCS-48, MCS-51 y MCS-8X9X de INTEL
Guardado en:
| Autor principal: | |
|---|---|
| Otros Autores: | |
| Formato: | Libro |
| Publicado: |
San José, Costa Rica
1993
|
| Materias: | |
| Etiquetas: |
Agregar Etiqueta
Sin Etiquetas, Sea el primero en etiquetar este registro!
|
MARC
| LEADER | 00000nam a2200000Ia 4500 | ||
|---|---|---|---|
| 003 | 006095 | ||
| 005 | 20221231144315.0 | ||
| 008 | 140114s1993 cr a m 000 ||s d | ||
| 040 | |c cru CEDI | ||
| 090 | |a TFG 2773 | ||
| 100 | |a García Vargas, Mauricio |9 12035 | ||
| 245 | |a Sistema Modular de Desarrollo para las familias de microcontroladores MCS-48, MCS-51 y MCS-8X9X de INTEL | ||
| 260 | |c 1993 |a San José, Costa Rica | ||
| 300 | |a xiii, 112 [221] hojas ; 28 cm. | ||
| 500 | |a Tesis (licenciatura en ingeniería eléctrica)--Universidad de Costa Rica. Facultad de Ingeniería. Escuela de Ingeniería Eléctrica | ||
| 650 | |x MICROCONTROLADORES |9 12037 | ||
| 700 | |9 12036 |a Vargas Rodríguez, Alberto José | ||
| 942 | |c TFG | ||
| 999 | |c 19912 |d 19912 | ||
